Movie Clues Quiz Stats

Quiz not verified by Sporcle

Challenge
Share
Tweet
Embed
Score 0/25 Timer 10:00
0 Plays Today
Clue Movie % Correct
An Ogre Saves a princessShrek
100%
A mermaid goes on landThe Little Mermaid
94.4%
A Girl Befriends a beastBeauty and the Beast
94.4%
A Girl goes to the land of OzThe Wizard of Oz
94.4%
A Dad fish tries to find his sonFinding nemo
92.2%
A Magic Tour through a chocolate factoryWilly Wonka and the chocolate factory
91.1%
a panda learns kung fukung fu panda
91.1%
Toys are aliveToy story
91.1%
A house gets lifted by baloonsUp
90%
A Racecar goes for the piston cupCars
88.9%
A girl gets to go to a ballCinderella
88.9%
A magical nanny comes to visitMary Poppins
88.9%
A puppet becomes a real boyPinocchio
87.8%
Clue Movie % Correct
a fox robs rich people and gives the money to poor peopleRobin hood
87.8%
monsters make children screammonsters inc.
85.6%
a boy goes on a journey on a peachjames and the giant peach
84.4%
a superhero family fight crimethe incredibles
84.4%
a robot falls in love and goes to spaceWalle
84.4%
A Girl Goes to warMulan
78.9%
a boy tames a dragonHow to train your dragon
72.2%
A chicken meets alienschicken little
67.8%
a girl with long hair goes to see lanternsTangled
60%
a supervillian adopts a family of 3 girlsdespicable me
45.6%
a supervillian turns goodmegamind
41.1%
A racoon tries to feed a bearOver The Hedge
30%

You're not logged in!

Compare scores with friends on all Sporcle quizzes.
Join for Free
OR
Log In

You Might Also Like...

Show Comments

Extras

Created Dec 12, 2011ReportNominate
Tags:Movie Titles Quiz

Top Quizzes Today


Score Distribution

Your Account Isn't Verified!

In order to create a playlist on Sporcle, you need to verify the email address you used during registration. Go to your Sporcle Settings to finish the process.

Report this User

Report this user for behavior that violates our Community Guidelines.

Details: